000 00421nam a2200181Ia 4500
005 20250603145540.0
008 250603s9999 xx 000 0 und d
020 _a9781783322886
050 _aQR 65 .K48/
100 _aKhusro, Ameer
245 0 _aPractical bacteriology
260 _aOxford
260 _bAlpha Science International Ltd.
260 _c2017
300 _a183 p
650 _aOxford
942 _cBK
999 _c42180
_d42180